000 00658nam a2200229Ia 4500
001 17156
003 GE_BSU
008 181216s||||||||xx |||||||||||||| ||und||
040 _cGE_BSU
080 _a821.353.1-1
100 _aბობოხიძე, კალე
245 _aნატვრის ნაპირი
245 _bლექსები
245 _cრედ.ს. სიგუა
260 _aთბილისი
260 _bმერანი
260 _c1981
300 _a133გვ. : პორტრ. ; 16სმ
653 _aლექსები
653 _aნატვრის ნაპირი
942 _cBK
999 _c50218
_d50218